Το Marketing Plan μιας Διαφορετικής Εταιρείας Παροχής Υπηρεσιών Logistics (Record no. 8584)
[ view plain ]
| 000 -LEADER | |
|---|---|
| fixed length control field | 02080cam a22001934a 4500 |
| 005 - ΗΜΕΡΟΜΗΝΙΑ ΚΑΙ ΩΡΑ ΤΕΛΕΥΤΑΙΑΣ ΕΝΗΜΕΡΩΣΗΣ | |
| Πεδίο ελέγχου | 20250605165244.0 |
| 008 - FIXED-LENGTH DATA ELEMENTS--GENERAL INFORMATION | |
| Πεδίο ελέγχου σταθερού μήκους | 250528s ||||||||||||||||||||||||d |
| 035 ## - SYSTEM CONTROL NUMBER | |
| System control number | 23583 |
| 040 ## - ΠΗΓΗ ΚΑΤΑΛΟΓΟΓΡΑΦΗΣΗΣ | |
| Φορέας πρωτότυπης καταλογογράφησης | MC Athens Campus Library |
| Γλώσσα καταλογογράφησης | Ελληνικά, Μοντέρνα (1453-) |
| Modifying agency | MC Athens Campus Library |
| Κανόνες περιγραφικής καταλογογράφησης | AACR2 |
| 245 1# - ΤΙΤΛΟΣ ΚΑΙ ΔΗΛΩΣΗ ΥΠΕΥΘΥΝΟΤΗΤΑΣ | |
| Τίτλος | Το Marketing Plan μιας Διαφορετικής Εταιρείας Παροχής Υπηρεσιών Logistics |
| 260 ## - PUBLICATION, DISTRIBUTION, ETC. | |
| Date of publication, distribution, etc. | 2017 |
| 300 ## - PHYSICAL DESCRIPTION | |
| Extent | 82 |
| 520 ## - SUMMARY, ETC. | |
| Summary, etc. | Εισαγωγή, Logistics, Marketing and Marketing Plan, Στρατηγική Τοποθέτησης Νέων Προϊόντων, Καινοτομία, Τι Είναι το 3PL, Σχεδιασμός Blueprint Επιχείρησης 3PL, Στρατηγική, Σχεδιασμός Έρευνας και Μεθοδολογία, Φιλοσοφία Έρευνας, Σχεδιασμός Έρευνας, Μέθοδοι Συλλογής Δεδομένων, Η Α ναγκαιότητα της Έρευνας, Προφίλ Συμμετεχόντων, Διδικασία, Ηθική, Ευρήματα - Αποτελέσματα Ανάλυση, Επικράτουσα Κατάσταση, Οι Σημερινές Ανάγκες της Αγοράς, Χρήση Νεών Τεχνολογιών, Βιώσιμες Λύσεις, Συμπεράσματα και Προτάσεις, Σχέδιο Μάρκετινγκ (Marketing Plan), Το Προϊόν-Υπηρεσία, Η Υπηρεσία με την Marketing Διάσταση, Ανάλυση Υφιστάμενης Κατάστασης, Ανάλυση Οικονομικού Περιβάλλοντος, Ανάλυση Υφιστάμενης Κατάστασης, Ανάλυση SWOT, Στρατηγικές Κατεύθυνσης, Στρατηγική, Τακτικές, Ενέργειες Σχεδιασμού, Πρτουπολογισμός/ Budget, Προσωπικός Αναστοχασμός, Βιβλιογραφία - Αναφορές - Πηγές. |
| 700 1# - ΠΡΟΣΘΕΤΗ ΑΝΑΓΡΑΦΗ--ΦΥΣΙΚΟ ΠΡΟΣΩΠΟ | |
| Personal name | Αδαμόπουλος Βασίλης |
| 9 (RLIN) | 9170 |
| 700 1# - ΠΡΟΣΘΕΤΗ ΑΝΑΓΡΑΦΗ--ΦΥΣΙΚΟ ΠΡΟΣΩΠΟ | |
| Personal name | Θεοδωρόπουλος Ανδρέας |
| 9 (RLIN) | 3878 |
| 942 ## - ADDED ENTRY ELEMENTS (KOHA) | |
| Koha item type | Διπλωματική εργασία |
| Τύπος τεκμηρίου | Βιβλιοθήκη | Τρέχουσα τοποθεσία | Barcode | Ημερομηνία απόκτησης | Ταξιθετικό σύμβολο | Αριθμός αντιτύπου | Κατάσταση απόσυρσης | Κατάσταση χαμένου | Κατάσταση κατεστραμμένου | Μη δανεισμός | Σύνολο δανεισμών | Ημερομηνία τελευταίας εμφάνισης | Η τιμή ισχύει από |
|---|---|---|---|---|---|---|---|---|---|---|---|---|---|
| Διπλωματική εργασία | MC Athens Campus Library | MC Athens Campus Library | 9780000085832 | 05/06/2025 | BUS 2017 (2) | 1 | 05/06/2025 | 05/06/2025 |